00646 a2200193 450000500170000000800410001701000140005802000230007203500130009503700180010808200080012610000150013424501460014925000120029526000490030727000430035630000330039970000200043220080829121632.0080829t xxu||||| |||| 00| 0 eng d aENG-87402 a0070660093c199.00 aEN-70935 bD.B.Act / Pub a339 aDeepashree aMacroeconomicscby Deepashree and Vanita Agarwalbacccording to the new syllabus requirements of B. Com (Hons.) course of University of Delhi a2nd ed. aNew DelhibTata McGraw-Hill Publishingc2008 a7, West Patel NagarbNew Delhie110008 avarious pagingc22 cm. (Pbk) aAgarwal, Vanita